| Tag |
First Indicator |
Second Indicator |
Subfields |
| LEADER |
00000nam a2200000Ia 4500 |
| 001 |
in00004181821 |
| 005 |
20200810072807.0 |
| 006 |
m g d |
| 007 |
cr bn |||a|bb| |
| 008 |
850625s1659 stk o 00| | eng d |
| 035 |
|
|
|a (OCoLC)12194694
|
| 040 |
|
|
|a EAI
|c EAI
|d WaOLN
|
| 037 |
|
|
|a CL0037000053
|b ProQuest Information and Learning. 300 N. Zeeb Rd., Ann Arbor, MI 48106
|
| 049 |
|
|
|a EAIA
|
| 090 |
|
|
|a BS1440
|b .P72 1659
|
| 245 |
0 |
4 |
|a The Psalms of David in meeter
|
| 260 |
|
|
|a Edinburgh :
|b Printed by Gedeon Lithgovv and are to be sold at his shop ...,
|c 1659.
|
| 300 |
|
|
|a 1 online resource ([72] pages)
|
| 336 |
|
|
|a text
|b txt
|2 rdacontent
|
| 337 |
|
|
|a computer
|b c
|2 rdamedia
|
| 338 |
|
|
|a online resource
|b cr
|2 rdacarrier
|
| 500 |
|
|
|a Caption title.
|
| 500 |
|
|
|a Imprint from colophon.
|
| 500 |
|
|
|a Imperfect: pages cropped and stained, with print showthrough and loss of printing.
|
| 500 |
|
|
|a Reproduction of original in the Aberdeen University Library.
|
| 510 |
4 |
|
|a Wing
|c B2471.
|
| 533 |
|
|
|a Electronic reproduction.
|b Ann Arbor, Mich. :
|c UMI,
|d 1999-
|f (Early English books online)
|n Digital version of: (Early English books, 1641-1700 ; 1498:1)
|7 s1999 miun s
|
| 630 |
0 |
0 |
|a Bible.
|p O.T.
|p Psalms
|v Paraphrases, English.
|
| 650 |
|
0 |
|a Psalters.
|
| 730 |
0 |
|
|a Bible.
|p O.T.
|p Psalms.
|l English.
|f 1659.
|
| 830 |
|
0 |
|a Early English books online.
|
| 856 |
4 |
0 |
|u http://proxy.library.tamu.edu/login?url=https://search.proquest.com/docview/2248551926
|z Connect to the full text of this electronic book
|t 0
|
| 999 |
f |
f |
|s c1c9650e-bde8-3825-830c-28d6e4702399
|i 66758bae-f635-3081-b5e7-322f00924b4b
|t 0
|
| 952 |
f |
f |
|a Texas A&M University
|b College Station
|c Electronic Resources
|d Available Online
|t 0
|e BS1440 .P72 1659
|h Library of Congress classification
|
| 998 |
f |
f |
|a BS1440 .P72 1659
|t 0
|l Available Online
|